Художественные памятники Вологды XIII - начала XX век (Запис номер 398008)
[ съкратено ]
| 000 -Лидер | |
|---|---|
| Контролно поле с фиксирана дължина | nkm a22 a 4500 |
| 003 - Код на организацията, давaща контролен номер | |
| Контролно поле | BLK |
| 005 - Дата и час на последна редакция | |
| Контролно поле | 20210210163545.0 |
| 008 - Елементи от данни с фиксирана дължина | |
| fixed length control field | 210210b bu ||||| |||| 00| 0 bu d |
| 040 ## - Източник на каталожния запис | |
| Идентификатор на билиотеката - собственик на записа | BLK |
| 041 ## - Код за език | |
| Код за езика на текст/звукозапис или на отделно заглавие | Руски |
| Код за езика КДБФ | Руски |
| 080 ## - УДК | |
| Текстов определител УДК | Архитектура |
| УДК код - определител по УДК | 72 |
| УДК определител | (470-21)(091) |
| УДК - код + определител | 72(470-21)(091) |
| 080 ## - УДК | |
| Текстов определител УДК | Изобразителни изкуства и художествени занаяти |
| УДК код - определител по УДК | 73/76 |
| УДК определител | (470)(091)(084) |
| УДК - код + определител | 73/76(470)(091)(084) |
| 100 ## - Редна дума - Автор | |
| R(LIN) | 1299 |
| Автор | Рыбаков, Александр Александрович |
| Авторска отговорност | първи автор |
| 139 ## - Редно поле | |
| Редна дума | Рыбаков, Александр Александрович |
| 245 ## - Сведения за заглавието | |
| Заглавие | Художественные памятники Вологды XIII - начала XX век |
| Подзаглавни данни | альбом |
| Редно поле (дума) | А. А. Рыбаков |
| 246 ## - Различни форми на заглавието | |
| Паралелно заглавие | Artistic monuments of Vologda |
| 260 ## - Област на издателските данни | |
| 9 (RLIN) | 211505 |
| Място на издаване, разпространение и проч. | Ленинград |
| Име на издателя, разпространителя и проч. | Художник РСФСР |
| Година на издаване | 1980 |
| Издателство - префикс ISBN | 5- |
| 300 ## - Физическа характеристика | |
| Страници | 315 с. с цв. ил., 2 л. ил. |
| Размери/Мащаб | 30 см |
| 380 ## - Жанр | |
| Жанр | Изкуство |
| 490 ## - СЕРИИ (Колекции) | |
| 9 (RLIN) | 441048 |
| Име на серия | Художественные памятники русских городов |
| 500 ## - Общи забележки | |
| Забележка | Рез. на англ. яз. |
| 504 ## - Забележка за наличие на библиография и др | |
| Забележка за наличие на библиография и под. | Библиогр.: с. 314 |
| 650 #0 - Допълнително описание по предмет – тема | |
| 9 (RLIN) | 318953 |
| Основно описание – тема или топоним | Изкуство, руско - история |
| 653 #7 - Ключова дума – ненормативна | |
| 9 (RLIN) | 181364 |
| Ключова дума | архитектура |
| 653 #7 - Ключова дума – ненормативна | |
| 9 (RLIN) | 194525 |
| Ключова дума | приложни изкуства |
| 653 #7 - Ключова дума – ненормативна | |
| 9 (RLIN) | 187510 |
| Ключова дума | иконопис |
| 852 ## - Местоположение | |
| Форматна сигнатура | Цб ІІ 27592 |
| 999 ## - СИСТЕМНИ КОНТРОЛНИ НОМЕРА | |
| Koha biblionumber | 398008 |
| Koha biblioitemnumber | 398008 |
| 942 ## - АРТИКУЛИ | |
| Източник на класификационната схема | Universal Decimal Classification |
| Вид на библиотечния материал | Графични издания |
| Скрит в OPAC | Не |
| Периодичен библиозапис | Да |
| 944 ## - СЪЗДАВАНЕ И РЕДАКЦИЯ на ЗАПИСА | |
| Създаване/Редакция | Създаване |
| Дата на регистрацията/редакция | 2021-02-10 |
| Служител, извършил регистрацията/редакцията | ГГГ |
| Код за отписване | Код за изгубен артикул | Източник на класификационната схема | Код за повреда | Коз за рестрикции | Код за отдаване | Артикулен № | Име на библиотеката - собственик | Име на библиотеката, в която се намира в момента | Статус (Текущо местоположение) | Дата на вписване в системата | Местоположение - отдел | Цена в лева | Инвентарен номер | Систематично азбучна сигнатура | Баркод | Цена в евро | Служебен тип на артикула |
|---|---|---|---|---|---|---|---|---|---|---|---|---|---|---|---|---|---|
| Не е изгубен | Universal Decimal Classification | Не е повреден | само за читалня | ползва се в читалня | 812016 | Регионална библиотека "Любен Каравелов" Русе | Регионална библиотека "Любен Каравелов" Русе | Хранилище | 2021-02-15 | Основен фонд - ползва се само за читалня | 17.12 | 319495 | Цб ІІ 27592 | 120000319495 | 8.75 | Графични издания |